It looks like you're offline.
Open Library logo
additional options menu

MARC record from Internet Archive

LEADER: 00837cam 2200253Ma 4500
001 ocn652011667
003 OCoLC
005 20200708225219.0
008 080412s2008 enk 000 0 eng d
040 $aUNITY$beng$cUNITY$dOCLCQ
020 $a9781847621191$q(pbk.)
020 $a1847621198$q(pbk.)
035 $a(OCoLC)652011667
100 1 $aParsons, Richard.
245 10 $aAS Level human biology :$bthe revision guide : exam board: AQA /$cRichard Parsons ; Edited by Richard Parsons.
260 $aBroughton-in-Furness :$bCoordination Group Publications Ltd,$c2008.
300 $a94 pages ;$c30 x 21 cm
336 $atext$btxt$2rdacontent
337 $aunmediated$bn$2rdamedia
338 $avolume$bnc$2rdacarrier
500 $aPaperback.
029 0 $aUNITY$b118422200
994 $aZ0$bP4A
948 $hNO HOLDINGS IN P4A - 6 OTHER HOLDINGS